000 00475cam a2200145 4500500
005 20251012032641.0
041 _afre
042 _adc
100 1 0 _aSesé, Bernard
_eauthor
245 0 0 _aNathan Wachtel La Logique des bûchers, Éditions du Seuil, 2009, 327 pages.
260 _c2009.
500 _a54
786 0 _nSigila | 24 | 2 | 2009-12-20 | p. 178-179 | 1286-1715
856 4 1 _uhttps://shs.cairn.info/revue-sigila-2009-2-page-178?lang=fr&redirect-ssocas=7080
999 _c1547971
_d1547971